Executive (Record no. 350698)

000 -LEADER
fixed length control field 00458nam a22001817a 4500
003 - CONTROL NUMBER IDENTIFIER
control field OSt
005 - DATE AND TIME OF LATEST TRANSACTION
control field 20180116183024.0
008 - FIXED-LENGTH DATA ELEMENTS--GENERAL INFORMATION
fixed length control field 151202b xxu||||| |||| 00| 0 eng d
020 ## - INTERNATIONAL STANDARD BOOK NUMBER
International Standard Book Number 9780586062715
040 ## - CATALOGING SOURCE
Transcribing agency 0
082 ## - DEWEY DECIMAL CLASSIFICATION NUMBER
Classification number 813.54 ANT 1985
100 ## - MAIN ENTRY--PERSONAL NAME
Personal name Piers Anthony
Dates associated with a name Bio of a Space Tyrant Vol. 4
245 ## - TITLE STATEMENT
Title Executive
Statement of responsibility, etc. Piers Anthony
260 ## - PUBLICATION, DISTRIBUTION, ETC.
Place of publication, distribution, etc. London
Name of publisher, distributor, etc. Grafton Books
Date of publication, distribution, etc. 1985
300 ## - PHYSICAL DESCRIPTION
Extent 336 p.
Other physical details PB
440 ## - SERIES STATEMENT/ADDED ENTRY--TITLE
Title Executive
942 ## - ADDED ENTRY ELEMENTS (KOHA)
Source of classification or shelving scheme
Koha item type Book
Holdings
Withdrawn status Lost status Source of classification or shelving scheme Damaged status Not for loan Collection code Permanent Location Current Location Shelving location Date acquired Total Checkouts Full call number Barcode Checked out Date last seen Date last checked out Price effective from Koha item type
            Central Library (CL) Central Library (CL) Fiction 12/02/2015 1 813.54 ANT 1985 NBSD-2293 03/23/2020 02/22/2020 02/22/2020 12/02/2015 Book
© 2023 Central Library, National University of Sciences and Technology. All Rights Reserved.